Η Κοκκινοσκουφίτσα στο ελληνικό εικονογραφημένο βιβλίο για παιδιά : διπλωματική εργασία [πτυχιακή εργασία]

Saved in:
Bibliographic Details
Main Author: Πολυχρονοπούλου, Στυλιανή
Corporate Author: Πανεπιστήμιο Αιγαίου Σχολή Ανθρωπιστικών Επιστημών Τμήμα Επιστημών της Προσχολικής Αγωγής και του Εκπαιδευτικού Σχεδιασμού
Other Authors: Παπαδάτος, Γιάννης Σ. (Thesis advisor)
Format: Thesis Book
Language:Greek
Published: 2012
Subjects:
Tags: Add Tag
No Tags, Be the first to tag this record!

MARC

LEADER 00000cam a2200000 i 4500
001 1/22815
008 120906s2012 gre d
035 |l 10113125 
040 |a GR-MY-UA  |b gre  |e aacr 
041 0 |a gre 
082 0 |a 808.068  |2 (22) 
100 1 |a Πολυχρονοπούλου, Στυλιανή. 
245 1 2 |a Η Κοκκινοσκουφίτσα στο ελληνικό εικονογραφημένο βιβλίο για παιδιά :  |b διπλωματική εργασία [πτυχιακή εργασία] /  |c Πολυχρονοπούλου Στυλιανή ; επιβλέπων: Ιωάννης Σ. Παπαδάτος 
260 |c 2012 
300 |a 54 εκ.;  |c 30 εκ. 
500 |a Μέλη εξεταστικής επιτροπής: Διαμάντη Αναγνωστοπούλου, Γεώργιος Παπαντωνάκης 
502 # # |a Πτυχιακή εργασία – Πανεπιστήμιο Αιγαίου, Ρόδος, 2012. 
504 |a Βιβλιογραφία: σ. 53-54 
650 0 0 |a Children's literature, Greek (Modern) 
650 0 0 |a Children's literature, Greek (Modern)  |x History and criticism. 
650 0 0 |a Dissertations, Academic  |z Greece. 
700 1 |a Παπαδάτος, Γιάννης Σ.  |4 ths 
710 2 |a Πανεπιστήμιο Αιγαίου  |b Σχολή Ανθρωπιστικών Επιστημών  |b Τμήμα Επιστημών της Προσχολικής Αγωγής και του Εκπαιδευτικού Σχεδιασμού. 
852 |a INST  |b RHODES  |c DIATR  |e 20120906  |h 808.068 ΠΟΛ  |p 005400034503  |q 005400034503  |t DIE  |y 23 
852 |a INST  |b RHODES  |c DIATR  |e 20120906  |h 808.068 ΠΟΛ  |p 005400034504  |q 005400034504  |t DIE  |y 23 
901 |a BIBL4-2012-3 
909 |a Ρ  |b 171137 
909 |a Ρ  |b 171138 
924 |a ΠΟΛΥΧΡΟΝΟΠΟΥΛΟΥ  |b ΣΤΥΛΙΑΝΗ  |y ΡΟΔΟΣ  |z 2012 
970 |z 2012/09/06